[Event "Kieler Open 2018-A"]
[Site "Kiel"]
[Date "2018.07.28"]
[Round "2.35"]
[White "Wenske, Hardy"]
[Black "Weber, Jannis"]
[Result "0-1"]
[WhiteElo "1725"]
[BlackElo "1890"]
[Annotator "EA"]
[PlyCount "80"]
[EventDate "2018.??.??"]
[WhiteTeam "Kieler SG"]
[BlackTeam "SV Hennef"]

1. Nf3 Nf6 2. d4 g6 3. Bg5 Ne4 4. Bh4 d5 5. e3 Bg7 6. Nbd2 c5 7. c3 Nxd2 8.
Qxd2 cxd4 9. exd4 Nc6 10. Bd3 O-O 11. O-O Bg4 12. Qf4 Qd7 13. h3 Bf5 14. Bxf5
Qxf5 15. Qxf5 gxf5 16. Rfe1 e6 17. Re2 b5 18. Bg3 Rfd8 19. Bh4 Rdc8 20. a3 a5
21. Bg3 b4 22. axb4 axb4 23. Rxa8 Rxa8 24. Bd6 bxc3 25. bxc3 Ra1+ 26. Kh2 Rc1
27. Re3 Bh6 28. Rd3 f6 29. g3 Rc2 30. Kg1 Kf7 31. Kf1 Na7 32. Ne1 Rc1 33. f4
Nb5 34. Bb4 Bf8 35. Ke2 Bxb4 36. cxb4 Rc4 37. Nf3 Rxb4 38. Ke3 Nd6 39. Nd2 Rb2
40. Rb3 Nc4+ 0-1

[Event "Kieler Open 2018-A"]
[Site "Kiel"]
[Date "2018.07.28"]
[Round "2.36"]
[White "Basey, Matthew"]
[Black "Gerigk, Daniel"]
[Result "1-0"]
[WhiteElo "1889"]
[BlackElo "1690"]
[Annotator "EA"]
[PlyCount "27"]
[EventDate "2018.??.??"]
[WhiteTeam "Kieler SG"]
[BlackTeam "Stadtverw. Bonn"]

1. e4 c5 2. d4 cxd4 3. c3 e5 4. cxd4 exd4 5. Nf3 Bc5 6. Bc4 Nf6 7. e5 Ne4 8.
O-O O-O 9. Bd5 Nxf2 10. Kxf2 d3+ 11. Kg3 d6 12. Qxd3 dxe5 13. Ng5 g6 14. Rxf7
1-0

[Event "Kieler Open 2018-A"]
[Site "Kiel"]
[Date "2018.07.28"]
[Round "2.37"]
[White "Isler, Benjamin"]
[Black "Schwerdt, Alwin Elias"]
[Result "1-0"]
[WhiteElo "1885"]
[BlackElo "1672"]
[Annotator "EA"]
[PlyCount "53"]
[EventDate "2018.??.??"]
[WhiteTeam "Flensburger SK"]
[BlackTeam "Bad Schwartau"]

1. e4 e5 2. d4 exd4 3. c3 d5 4. exd5 Qxd5 5. Nf3 Nc6 6. cxd4 Bg4 7. Be2 O-O-O
8. Be3 Nf6 9. Nc3 Qd7 10. Qa4 Kb8 11. d5 Nxd5 12. Nxd5 Qxd5 13. Qxg4 Bb4+ 14.
Kf1 Rhe8 15. Qc4 Qxc4 16. Bxc4 Re7 17. Ke2 Bc5 18. Rad1 Rde8 19. Rd3 Nb4 20.
Rc3 Bb6 21. a3 Nc6 22. Bb5 Nd4+ 23. Nxd4 Bxd4 24. Bxe8 Bxc3 25. bxc3 Rxe8 26.
Rd1 b6 27. Rd7 1-0

[Event "Kieler Open 2018-A"]
[Site "Kiel"]
[Date "2018.07.28"]
[Round "2.38"]
[White "Salwasser, Christian"]
[Black "Brinckmann, Dieter"]
[Result "1-0"]
[WhiteElo "1718"]
[BlackElo "1870"]
[Annotator "EA"]
[PlyCount "51"]
[EventDate "2018.??.??"]
[WhiteTeam "SC Rastatt"]
[BlackTeam "Mainz"]

1. e4 e6 2. Nf3 d5 3. exd5 exd5 4. d4 Bd6 5. Bd3 Nc6 6. c3 Nge7 7. O-O Bg4 8.
Nbd2 Qd7 9. Qc2 O-O-O 10. b4 Ng6 11. h3 Be6 12. Ng5 Nf4 13. Nxe6 fxe6 14. Nb3
g5 15. b5 Nb8 16. Nc5 Qf7 17. Bxf4 gxf4 18. Qa4 c6 19. bxc6 Nxc6 20. Rab1 Bxc5
21. dxc5 Rd7 22. Ba6 Nd8 23. c6 Rc7 24. Bxb7+ Nxb7 25. Qxa7 Qe8 26. Qa8# 1-0

[Event "Kieler Open 2018-A"]
[Site "Kiel"]
[Date "2018.07.28"]
[Round "2.39"]
[White "Werner, René"]
[Black "Günther, Emil"]
[Result "1/2-1/2"]
[WhiteElo "1856"]
[BlackElo "1601"]
[Annotator "EA"]
[PlyCount "146"]
[EventDate "2018.??.??"]
[WhiteTeam "Kieler SG"]
[BlackTeam "SK Doppelbauer Kiel"]

1. c4 Nf6 2. g3 g6 3. Bg2 Bg7 4. Nc3 O-O 5. Nf3 c5 6. O-O Nc6 7. d3 e6 8. a3 d6
9. Rb1 a5 10. b3 Ng4 11. Nb5 Na7 12. Nxa7 Rxa7 13. Qc2 Bd7 14. Bb2 e5 15. h3
Nf6 16. Bc3 Qc8 17. Kh2 Qc7 18. b4 axb4 19. axb4 b6 20. b5 Rfa8 21. Nxe5 dxe5
22. Bxa8 Rxa8 23. Ra1 Rb8 24. Ra3 Bc8 25. Qb2 Nd7 26. e4 Bh6 27. Bd2 Bg7 28.
Rfa1 Bb7 29. Qc1 Nf8 30. R1a2 Ne6 31. Qf1 Nd4 32. f4 f5 33. Ra7 exf4 34. Bxf4
Be5 35. exf5 Bxf4 36. Qxf4 Qxf4 37. gxf4 Nxf5 38. Re2 Kf7 39. Kg1 Kf6 40. Kf2
Nd4 41. Re5 h5 42. Re3 Nb3 43. Ra3 Nd4 44. Ra7 h4 45. Re5 Nf5 46. Re1 Ng3 47.
Re5 Nh5 48. Ke3 Ng7 49. Kf2 Ne6 50. Ke3 g5 51. Rxe6+ Kxe6 52. fxg5 Kf5 53. g6
Kxg6 54. d4 Bc8 55. dxc5 bxc5 56. Rc7 Bxh3 57. Rxc5 Rf8 58. Rc6+ Kg5 59. Rc7
Be6 60. b6 h3 61. b7 Bg4 62. Rg7+ Kh5 63. c5 Kh4 64. Rxg4+ Kxg4 65. c6 Rf3+ 66.
Ke2 h2 67. b8=Q h1=Q 68. Qg8+ Kf5 69. Qd5+ Kf6 70. Qxf3+ Qxf3+ 71. Kxf3 Ke6 72.
Ke4 Kd6 73. Kd4 Kxc6 1/2-1/2

[Event "Kieler Open 2018-A"]
[Site "Kiel"]
[Date "2018.07.28"]
[Round "2.40"]
[White "Oltmanns, Marc"]
[Black "Papesch, Dennis"]
[Result "0-1"]
[WhiteElo "1698"]
[BlackElo "1850"]
[Annotator "EA"]
[PlyCount "64"]
[EventDate "2018.??.??"]
[WhiteTeam "Raisdorf"]
[BlackTeam "Raisdorf"]

1. Nf3 c5 2. c4 g6 3. Nc3 Bg7 4. d4 cxd4 5. Nxd4 Nc6 6. Nxc6 bxc6 7. Bf4 d6 8.
g3 e5 9. Bd2 Ne7 10. Bg2 Be6 11. O-O O-O 12. b3 d5 13. cxd5 cxd5 14. Rc1 Rc8
15. Na4 Qd6 16. Rxc8 Rxc8 17. Qe1 Nc6 18. e4 Nd4 19. Nc3 dxe4 20. Nxe4 Qa6 21.
Nc3 Bf5 22. Be4 Rxc3 23. Bxc3 Ne2+ 24. Kg2 Bxe4+ 25. f3 Bd3 26. Rf2 Nxc3 27.
Qxc3 e4 28. Qc5 Qe6 29. Rd2 Bh6 30. f4 e3 31. Rxd3 Qe4+ 32. Kg1 Qxd3 0-1

[Event "Kieler Open 2018-A"]
[Site "Kiel"]
[Date "2018.07.28"]
[Round "2.41"]
[White "Farokhi, Keyvan"]
[Black "Bungarten, Jona"]
[Result "0-1"]
[WhiteElo "1848"]
[BlackElo "1546"]
[Annotator "EA"]
[PlyCount "90"]
[EventDate "2018.??.??"]
[WhiteTeam "SK Doppelbauer Kiel"]
[BlackTeam "SF Brackel"]

1. e4 e5 2. Nf3 Nc6 3. d4 exd4 4. Bc4 Nf6 5. e5 d5 6. Bb5 Ne4 7. Nxd4 Bc5 8.
Be3 O-O 9. Bxc6 bxc6 10. Nxc6 Bxe3 11. O-O Qd7 12. Nb4 Bc5 13. Nxd5 Bb7 14.
Nbc3 Rad8 15. Nxe4 Qxd5 16. Qxd5 Rxd5 17. Nxc5 Rxc5 18. Rfe1 Rxc2 19. Rac1 Rxc1
20. Rxc1 Rd8 21. h3 Rd7 22. Rc3 Kf8 23. Ra3 a6 24. Rb3 c5 25. Rc3 Rd5 26. Rb3
Rd7 27. Rc3 Rc7 28. f4 Ke7 29. f5 g6 30. fxg6 hxg6 31. Kf2 Ke6 32. Re3 Rd7 33.
Re2 Rd5 34. g4 Rxe5 35. Rc2 f5 36. gxf5+ Rxf5+ 37. Kg3 Be4 38. Rc3 Ke5 39. Ra3
Rf6 40. h4 Kd4 41. Kg4 Bd3 42. Kg5 Rf2 43. Ra4+ c4 44. b3 Rxa2 45. Rxa2 cxb3
0-1

[Event "Kieler Open 2018-A"]
[Site "Kiel"]
[Date "2018.07.28"]
[Round "2.42"]
[White "Kunkel, Wolfgang"]
[Black "Andresen, Erik"]
[Result "0-1"]
[WhiteElo "1681"]
[BlackElo "1844"]
[Annotator "EA"]
[PlyCount "38"]
[EventDate "2018.??.??"]
[WhiteTeam "Gießen"]
[BlackTeam "Flensburger SK"]

1. f4 e5 2. e4 exf4 3. Nf3 g5 4. Bc4 g4 5. Ne5 Qh4+ 6. Kf1 Nf6 7. d3 Bg7 8.
Bxf4 Nh5 9. Bxf7+ Ke7 10. Bxh5 Qxh5 11. d4 d6 12. Nc4 Rf8 13. g3 Nc6 14. c3 Bh6
15. Qd2 Bxf4 16. gxf4 g3 17. h4 Qf3+ 18. Kg1 Rxf4 19. Nba3 g2 0-1

[Event "Kieler Open 2018-A"]
[Site "Kiel"]
[Date "2018.07.28"]
[Round "2.43"]
[White "Liu, Mide"]
[Black "Olde, Henning"]
[Result "1/2-1/2"]
[WhiteElo "1655"]
[BlackElo "1839"]
[Annotator "EA"]
[PlyCount "98"]
[EventDate "2018.??.??"]
[WhiteTeam "Guandong"]
[BlackTeam "SK Kollmar"]

1. e4 c5 2. Nf3 d6 3. d4 cxd4 4. Nxd4 Nf6 5. Nc3 e6 6. g4 e5 7. Bb5+ Bd7 8.
Bxd7+ Nbxd7 9. Nf5 Rc8 10. g5 g6 11. Nxd6+ Bxd6 12. Qxd6 Rxc3 13. bxc3 Nxe4 14.
Qd3 f5 15. gxf6 Nxf2 16. f7+ Kxf7 17. Kxf2 Kg7 18. Ba3 Qh4+ 19. Ke2 Qg4+ 20.
Qf3 Qa4 21. c4 Qxc4+ 22. Qd3 Qg4+ 23. Kd2 Nb6 24. Rag1 Qf4+ 25. Ke2 Rc8 26. Bb2
Rc7 27. a3 Rd7 28. Qe3 Qxe3+ 29. Kxe3 Nc4+ 30. Ke4 Nxb2 31. Kxe5 Rd2 32. Rc1
Nc4+ 33. Ke4 Nxa3 34. Ra1 Nb5 35. Rac1 a6 36. c4 Nc7 37. Rhd1 Re2+ 38. Kf3 Re7
39. Rd6 Ne6 40. c5 Ng5+ 41. Kg4 Nf7 42. Rb6 Ne5+ 43. Kg3 Rc7 44. Rcb1 Rxc5 45.
Rxb7+ Kh6 46. Ra7 Rc3+ 47. Kg2 Rc2+ 48. Kg3 Rc3+ 49. Kg2 Rc2+ 1/2-1/2

[Event "Kieler Open 2018-A"]
[Site "Kiel"]
[Date "2018.07.28"]
[Round "2.44"]
[White "Nottenkämper, Franz-Ludwig"]
[Black "Tang, Zijie"]
[Result "1-0"]
[WhiteElo "1823"]
[BlackElo "1519"]
[Annotator "EA"]
[PlyCount "67"]
[EventDate "2018.??.??"]
[WhiteTeam "TV Mehrhoog"]
[BlackTeam "Guandong"]

1. Nf3 d5 2. d4 c5 3. dxc5 e6 4. c4 Bxc5 5. cxd5 Nf6 6. Nc3 O-O 7. e3 exd5 8.
Be2 Nc6 9. O-O a6 10. a3 d4 11. exd4 Nxd4 12. Nxd4 Bxd4 13. Bd2 Qb6 14. Na4 Qa7
15. Rc1 b5 16. Nc3 Bb7 17. Bf3 Rfd8 18. Bxb7 Qxb7 19. Qc2 Rac8 20. Qf5 Qb6 21.
Ne4 Rxc1 22. Bxc1 Nxe4 23. Qxe4 Bxf2+ 24. Kh1 Qd4 25. Qf3 Rc8 26. g3 h6 27. Kg2
Rc2 28. Rxf2 Rxc1 29. Qxf7+ Kh7 30. Qf5+ Kh8 31. Qg6 Qd5+ 32. Kh3 Qc5 33. Qe8+
Kh7 34. Rf8 1-0

[Event "Kieler Open 2018-A"]
[Site "Kiel"]
[Date "2018.07.28"]
[Round "2.45"]
[White "Witt, Holger"]
[Black "Dengla, Aarav"]
[Result "0-1"]
[WhiteElo "1579"]
[BlackElo "1805"]
[Annotator "EA"]
[PlyCount "84"]
[EventDate "2018.??.??"]
[WhiteTeam "SC Viernheim"]
[BlackTeam "Indien"]
[BlackTeamCountry "IND"]

1. d4 d5 2. c4 c6 3. Nc3 Nf6 4. Nf3 dxc4 5. e4 b5 6. e5 Nd5 7. a4 b4 8. Ne2 e6
9. Ng3 Ba6 10. Be2 Be7 11. O-O O-O 12. Ne4 Nd7 13. b3 c5 14. Bxc4 Bxc4 15. bxc4
N5b6 16. Nfg5 h6 17. Nf3 cxd4 18. Qxd4 Rc8 19. Nd6 Bxd6 20. Qxd6 Nxc4 21. Qxb4
Ncxe5 22. Nxe5 Nxe5 23. Be3 a5 24. Qb5 Qd5 25. Qe2 Qe4 26. Rfe1 Nd3 27. Red1
Nf4 28. Qg4 Rc4 29. Bxf4 Qxf4 30. Qxf4 Rxf4 31. g3 Rb4 32. Rd7 Rc8 33. Ra7 Rc5
34. Ra8+ Kh7 35. Ra7 Kg6 36. Rd1 Rxa4 37. Rdd7 Rf5 38. Ra6 Ra1+ 39. Kg2 Ra2 40.
Rda7 Rfxf2+ 41. Kg1 Rfb2 42. Rxa5 Rb1# 0-1

[Event "Kieler Open 2018-A"]
[Site "Kiel"]
[Date "2018.07.28"]
[Round "2.46"]
[White "Bücker, Timo"]
[Black "Wu, Sitang"]
[Result "1-0"]
[WhiteElo "1801"]
[BlackElo "1403"]
[Annotator "EA"]
[PlyCount "101"]
[EventDate "2018.??.??"]
[WhiteTeam "Kappeln"]
[BlackTeam "Guandong"]

1. e4 c5 2. b3 e6 3. Bb2 Nc6 4. Nf3 d5 5. exd5 exd5 6. Bb5 Nf6 7. O-O Be7 8.
Re1 O-O 9. d4 Ne4 10. Bxc6 bxc6 11. Ne5 Bb7 12. Nd2 cxd4 13. Nxe4 dxe4 14. Qxd4
Qxd4 15. Bxd4 Rfd8 16. Rad1 Bf6 17. Bb2 c5 18. Nc4 Bxb2 19. Nxb2 Rd5 20. Rxd5
Bxd5 21. Rd1 Be6 22. c4 Kf8 23. Na4 Rc8 24. Nc3 f5 25. Kf1 Kf7 26. Nb5 Rc6 27.
Rd6 Rxd6 28. Nxd6+ Ke7 29. Nb7 Bc8 30. Nxc5 Kd6 31. b4 Ke5 32. Nb3 Be6 33. Na5
Kd4 34. c5 Kc3 35. a3 Kb2 36. b5 Kxa3 37. b6 axb6 38. cxb6 Bd5 39. b7 Bxb7 40.
Nxb7 g6 41. Nc5 Kb4 42. Ne6 h6 43. h4 Kc4 44. Ke2 Kc3 45. Ke3 Kc2 46. h5 g5 47.
Nd4+ Kd1 48. Nxf5 Ke1 49. Nxh6 Kf1 50. Kxe4 Kxf2 51. Kf5 1-0

[Event "Kieler Open 2018-A"]
[Site "Kiel"]
[Date "2018.07.29"]
[Round "3.1"]
[White "Wan, Yunguo"]
[Black "Light, Bjarne"]
[Result "1-0"]
[WhiteElo "2514"]
[BlackElo "2177"]
[Annotator "FS"]
[PlyCount "83"]
[EventDate "2018.??.??"]
[WhiteTeam "Hebei"]
[BlackTeam "Preetzer TSV"]

1. e4 c5 2. Nf3 Nc6 3. d4 cxd4 4. Nxd4 e5 5. Nb5 d6 6. c4 Be7 7. N1c3 a6 8. Na3
f5 9. exf5 Bxf5 10. Bd3 Be6 11. Nc2 Nf6 12. O-O O-O 13. Nd5 Rc8 14. Nce3 Nd4
15. b3 b5 16. Bb2 Nxd5 17. cxd5 Bd7 18. Be4 Nf5 19. Nxf5 Bxf5 20. Bxf5 Rxf5 21.
Rc1 Rxc1 22. Qxc1 Rf8 23. Qc2 Qb6 24. Bc1 Qc5 25. Qd1 Bd8 26. Be3 Qa3 27. Qc2
Ba5 28. h3 Bb4 29. Rc1 Qa5 30. Kh2 Ba3 31. Qc7 Qb4 32. Rc6 Qe4 33. Rxa6 Bb4 34.
a3 Bc5 35. Bxc5 dxc5 36. Qxc5 Qf4+ 37. Kg1 e4 38. Re6 Qd2 39. Rxe4 Qd1+ 40. Kh2
Qxb3 41. d6 Qf7 42. f3 1-0

[Event "Kieler Open 2018-A"]
[Site "Kiel"]
[Date "2018.07.29"]
[Round "3.2"]
[White "Krause, Benedict"]
[Black "Kaulich, Philipp Theodor"]
[Result "1-0"]
[WhiteElo "2445"]
[BlackElo "2157"]
[Annotator "FS"]
[PlyCount "45"]
[EventDate "2018.??.??"]
[WhiteTeam "SK Norderstedt von 1975"]
[BlackTeam "Kieler SG"]

1. e4 g6 2. d4 Bg7 3. Nc3 d6 4. f4 a6 5. Nf3 b5 6. Bd3 Nd7 7. e5 Bb7 8. a4 b4
9. Ne4 c5 10. c3 Rb8 11. O-O cxd4 12. cxd4 Bxe4 13. Bxe4 e6 14. Be3 d5 15. Bd3
a5 16. g4 f5 17. gxf5 gxf5 18. Ng5 Qe7 19. Qh5+ Kf8 20. Nxh7+ Rxh7 21. Qxh7 Qf7
22. Qh3 Nh6 23. Be2 1-0

[Event "Kieler Open 2018-A"]
[Site "Kiel"]
[Date "2018.07.29"]
[Round "3.3"]
[White "Poghosyan, Tigran"]
[Black "Lanka, Zigurds"]
[Result "0-1"]
[WhiteElo "2146"]
[BlackElo "2414"]
[Annotator "FS"]
[PlyCount "88"]
[EventDate "2018.??.??"]
[WhiteTeam "Lübecker SV von 1873"]
[BlackTeam "SC Viernheim"]

1. e4 c5 2. Nf3 e6 3. g3 d6 4. Bg2 Nf6 5. Qe2 Nc6 6. O-O g6 7. c3 Bg7 8. e5
dxe5 9. Nxe5 Nxe5 10. Qxe5 Qe7 11. Na3 O-O 12. Nc4 Rd8 13. a4 Nd5 14. Qe2 Qc7
15. d3 h6 16. f4 b6 17. Ne5 Bb7 18. Bh3 Re8 19. Bd2 Rad8 20. Bg2 Ne7 21. Rae1
Nc6 22. Bxc6 Bxc6 23. b3 Ba8 24. h4 h5 25. Bc1 Qd6 26. Kh2 Re7 27. Rd1 Kh7 28.
Ba3 f6 29. Nf3 Red7 30. Nd4 Re7 31. Nf3 Ree8 32. Ne1 f5 33. Nf3 Bxf3 34. Qxf3
Bxc3 35. Qb7+ Rd7 36. Qg2 e5 37. Bc1 Qd5 38. Qc2 exf4 39. Bxf4 Rde7 40. Rf2 Bd4
41. Rg2 Qf3 42. Rdd2 Re1 43. Qa2 Ra1 44. Qc2 Ree1 0-1

[Event "Kieler Open 2018-A"]
[Site "Kiel"]
[Date "2018.07.29"]
[Round "3.4"]
[White "Voloshin, Leonid"]
[Black "Möller, Dustin"]
[Result "1-0"]
[WhiteElo "2383"]
[BlackElo "2140"]
[Annotator "FS"]
[PlyCount "63"]
[EventDate "2018.??.??"]
[WhiteTeam "SG Kaiserslautern 1905"]
[BlackTeam "Eckernförder SC von 1921"]

1. d4 Nf6 2. Nc3 d5 3. Bg5 Nbd7 4. Nf3 c6 5. e3 Qa5 6. Nd2 Ne4 7. Ncxe4 dxe4 8.
Bh4 g5 9. Bg3 h5 10. h4 g4 11. c3 Nf6 12. Be5 Bf5 13. Qc2 Bg6 14. Bxf6 exf6 15.
Nxe4 g3 16. Bd3 Bxe4 17. Bxe4 O-O-O 18. f4 Re8 19. O-O Kb8 20. Rf3 Rg8 21. Bf5
Bd6 22. b4 Qc7 23. Raf1 Rg7 24. a3 Reg8 25. c4 Qe7 26. c5 Bc7 27. a4 Rg4 28. b5
cxb5 29. d5 Rxh4 30. d6 Bxd6 31. cxd6 Qxd6 32. axb5 1-0

[Event "Kieler Open 2018-A"]
[Site "Kiel"]
[Date "2018.07.29"]
[Round "3.5"]
[White "Petri, Alexander"]
[Black "Rocha, Sergio"]
[Result "0-1"]
[WhiteElo "2138"]
[BlackElo "2373"]
[Annotator "FS"]
[PlyCount "116"]
[EventDate "2018.??.??"]
[WhiteTeam "SK Doppelbauer Kiel"]
[BlackTeam "FC Barreirense"]

1. d4 Nf6 2. Nf3 g6 3. Bg5 Bg7 4. Nbd2 d6 5. c3 O-O 6. e4 c6 7. Be2 Na6 8. h3
Nc7 9. O-O b5 10. e5 Nfd5 11. exd6 Qxd6 12. Ne4 Qd8 13. Nc5 h6 14. Bh4 f5 15.
Bg3 f4 16. Bh2 Ne6 17. Nxe6 Bxe6 18. Re1 Bf5 19. Nh4 e6 20. Nxf5 exf5 21. Bf3
g5 22. Bxd5+ Qxd5 23. Qb3 Kf7 24. Qxd5+ cxd5 25. f3 a5 26. a3 Rfc8 27. Kf1 b4
28. axb4 axb4 29. Rxa8 Rxa8 30. cxb4 Rb8 31. Bg1 Rxb4 32. Re2 h5 33. Rd2 g4 34.
Bf2 Ra4 35. Ke2 Ke6 36. Kd3 g3 37. Re2+ Kd7 38. Be1 Rxd4+ 39. Kc2 Ra4 40. Bd2
Bf6 41. Kb3 Rc4 42. Bc3 Bxc3 43. bxc3 Kd6 44. Re8 Rc7 45. Rf8 Rb7+ 46. Ka3 Kc5
47. Rc8+ Kb5 48. Kb3 Re7 49. Rb8+ Kc5 50. Rc8+ Kd6 51. Rd8+ Kc6 52. Ra8 Re2 53.
Ra2 Rf2 54. Rc2 Kc5 55. Rb2 d4 56. cxd4+ Kxd4 57. Rc2 Rxc2 58. Kxc2 Ke3 0-1

[Event "Kieler Open 2018-A"]
[Site "Kiel"]
[Date "2018.07.29"]
[Round "3.6"]
[White "Krause, Jonah"]
[Black "Du, Yuxin"]
[Result "1/2-1/2"]
[WhiteElo "2336"]
[BlackElo "2129"]
[Annotator "FS"]
[PlyCount "129"]
[EventDate "2018.??.??"]
[WhiteTeam "FC ST.Pauli 1910 eV SAbt"]
[BlackTeam "Guandong"]

1. d4 Nf6 2. c4 e6 3. Nf3 b6 4. g3 Bb7 5. Bg2 Be7 6. O-O O-O 7. Re1 Qc8 8. Bg5
h6 9. Bxf6 Bxf6 10. Nc3 d6 11. Rc1 c5 12. d5 Bxc3 13. Rxc3 e5 14. e4 Qg4 15. a3
Na6 16. Qa4 Qc8 17. Nd2 Qe8 18. Qc2 g6 19. f4 f6 20. Rf3 Qe7 21. Ref1 Kg7 22.
R3f2 Rae8 23. Qa4 Bc8 24. f5 g5 25. Bf3 Rd8 26. Bh5 Qd7 27. Qc2 Qe7 28. h4 Bd7
29. Bg6 Be8 30. Bxe8 Qxe8 31. g4 Rh8 32. Rh2 Qd7 33. Kg2 Rdg8 34. Rfh1 Qe8 35.
Qd3 Kf7 36. Kf2 Nb8 37. Nf3 Nd7 38. Qb3 Nb8 39. Qc3 Kg7 40. b4 Nd7 41. b5 Qc8
42. a4 a5 43. Qc1 Qd8 44. Rh3 Nf8 45. Qg1 Rh7 46. hxg5 hxg5 47. Rxh7+ Nxh7 48.
Qh2 Nf8 49. Qh5 Qe7 50. Nd2 Nd7 51. Nf1 Kf8 52. Ng3 Qf7 53. Qh3 Qg7 54. Nh5 Qf7
55. Qg2 Qe7 56. Rh3 Qf7 57. Qh2 Ke7 58. Ng3 Nf8 59. Rh6 Rg7 60. Kg1 Rh7 61. Kg2
Rxh6 62. Qxh6 Qh7 63. Qxh7+ Nxh7 64. Nh5 Kf7 65. Kf3 1/2-1/2

[Event "Kieler Open 2018-A"]
[Site "Kiel"]
[Date "2018.07.29"]
[Round "3.7"]
[White "Kleinschroth, Roland"]
[Black "Wichmann, Cliff"]
[Result "1/2-1/2"]
[WhiteElo "2058"]
[BlackElo "2305"]
[Annotator "FS"]
[PlyCount "38"]
[EventDate "2018.??.??"]
[WhiteTeam "SG Weiß-Blau Eilenriede"]
[BlackTeam "ESV Nickelhütte Aue"]

1. e4 e6 2. Nf3 d5 3. e5 Bd7 4. c4 dxc4 5. Bxc4 Ne7 6. d4 Bc6 7. O-O Nd7 8. Nc3
Nb6 9. Bb5 Bxb5 10. Nxb5 Nc6 11. Be3 Be7 12. a3 O-O 13. Qd3 Qd7 14. Rac1 Nd5
15. Rfd1 h6 16. Nc3 Nxc3 17. Rxc3 Rfd8 18. Qe4 Bf8 19. Qg4 Kh8 1/2-1/2

[Event "Kieler Open 2018-A"]
[Site "Kiel"]
[Date "2018.07.29"]
[Round "3.8"]
[White "Vatter, Hans-Joachim"]
[Black "Nahnsen, Kenneth"]
[Result "1-0"]
[WhiteElo "2216"]
[BlackElo "2004"]
[Annotator "FS"]
[PlyCount "47"]
[EventDate "2018.??.??"]
[WhiteTeam "SC Emmendingen 1937 e.V."]
[BlackTeam "SK Doppelbauer Kiel"]

1. e4 e6 2. d4 d5 3. e5 c5 4. c3 Nc6 5. Nf3 Nh6 6. a3 Nf5 7. b4 cxd4 8. cxd4
Qb6 9. Bb2 Be7 10. Bd3 O-O 11. O-O f6 12. Bxf5 exf5 13. Nc3 Be6 14. Na4 Qd8 15.
Nc5 Bc8 16. Nd3 b6 17. Re1 Ba6 18. exf6 Bxf6 19. Nde5 Ne7 20. a4 Bc4 21. b5 a6
22. Ba3 axb5 23. Bxe7 Qxe7 24. Nxc4 1-0

[Event "Kieler Open 2018-A"]
[Site "Kiel"]
[Date "2018.07.29"]
[Round "3.9"]
[White "Zeng, Chongsheng"]
[Black "Haffner, Alexander"]
[Result "1-0"]
[WhiteElo "2532"]
[BlackElo "2107"]
[Annotator "FS"]
[PlyCount "65"]
[EventDate "2018.??.??"]
[WhiteTeam "Chonqing"]
[BlackTeam "SC Agon Neumünster"]

1. e4 g6 2. d4 Bg7 3. Nc3 d6 4. f4 c6 5. Nf3 Bg4 6. Be3 Nd7 7. h3 Bxf3 8. Qxf3
e6 9. O-O-O Ne7 10. g4 d5 11. f5 O-O 12. e5 exf5 13. Bd3 f4 14. Bxf4 b5 15. Kb1
a5 16. h4 f6 17. e6 Ne5 18. Qg3 Nxd3 19. Rxd3 a4 20. a3 Re8 21. Re1 Nc8 22. Na2
Bf8 23. Nb4 Bxb4 24. axb4 Qe7 25. g5 fxg5 26. Bxg5 Qxb4 27. h5 a3 28. b3 a2+
29. Ka1 Ne7 30. Bd2 Qa3 31. Qe5 Ra7 32. Rf3 Nf5 33. Rxf5 1-0

[Event "Kieler Open 2018-A"]
[Site "Kiel"]
[Date "2018.07.29"]
[Round "3.10"]
[White "Holtel, Jasper"]
[Black "Kosanke, Stefan"]
[Result "1-0"]
[WhiteElo "2234"]
[BlackElo "1986"]
[Annotator "FS"]
[PlyCount "63"]
[EventDate "2018.??.??"]
[WhiteTeam "SK Münster 32 e.V."]
[BlackTeam "SV Bad Oldesloe"]

1. e4 e6 2. d4 d5 3. Nd2 Nf6 4. e5 Nfd7 5. Bd3 c5 6. c3 Nc6 7. Ne2 cxd4 8. cxd4
Qb6 9. Nf3 Bb4+ 10. Bd2 O-O 11. O-O f6 12. exf6 Nxf6 13. Bf4 Ne4 14. Qc2 Rxf4
15. Nxf4 Nxd4 16. Nxd4 Qxd4 17. Bxe4 dxe4 18. Rad1 Qe5 19. Rd8+ Kf7 20. Rxc8
Rxc8 21. Qxc8 Qxf4 22. Qxb7+ Be7 23. Qxa7 Qd2 24. b3 Kf6 25. a4 Qb4 26. Qe3 Bc5
27. Qf4+ Kg6 28. Qe5 Kf7 29. Qh5+ Ke7 30. Qxh7 Bd4 31. Qh4+ Kf7 32. Qxe4 1-0

[Event "Kieler Open 2018-A"]
[Site "Kiel"]
[Date "2018.07.29"]
[Round "3.11"]
[White "Arndt, Magnus"]
[Black "Schulze, Lara"]
[Result "0-1"]
[WhiteElo "2120"]
[BlackElo "2187"]
[Annotator "FS"]
[PlyCount "76"]
[EventDate "2018.??.??"]
[WhiteTeam "SK Doppelbauer Kiel"]
[BlackTeam "SK Lehrte von 1919 e. V."]

1. d4 Nf6 2. Bf4 d5 3. e3 c5 4. c3 Nc6 5. Nd2 e6 6. Ngf3 Bd6 7. Bg3 O-O 8. Bd3
b6 9. e4 Be7 10. e5 Nd7 11. h4 h6 12. a3 f6 13. exf6 Bxf6 14. Qe2 Qe7 15. Ne5
Bxe5 16. dxe5 c4 17. Bc2 Nc5 18. Qg4 Rf5 19. Bxf5 exf5 20. Qf3 Nd3+ 21. Kf1 Qe6
22. b3 Bb7 23. h5 f4 24. Bxf4 Rf8 25. Rh4 Ncxe5 26. Qe3 Qf5 27. g3 Ng4 28. Qf3
Ngxf2 29. bxc4 Rf7 30. Qe3 dxc4 31. Re1 Nxe1 32. Qxe1 Nd3 33. Qe2 Kh7 34. Nxc4
Nxf4 35. gxf4 Ba6 36. Ke1 Rc7 37. Ne3 Qf6 38. Qc2+ Kh8 0-1

[Event "Kieler Open 2018-A"]
[Site "Kiel"]
[Date "2018.07.29"]
[Round "3.12"]
[White "Pietzsch, Manuel"]
[Black "Rieper, Julian"]
[Result "1/2-1/2"]
[WhiteElo "2185"]
[BlackElo "2048"]
[Annotator "FS"]
[PlyCount "63"]
[EventDate "2018.??.??"]
[WhiteTeam "SG Leipzig"]
[BlackTeam "SK Doppelbauer Kiel"]

1. e4 e5 2. Nf3 Nc6 3. Bb5 a6 4. Ba4 Nf6 5. d3 d6 6. c3 b5 7. Bc2 Be7 8. O-O
O-O 9. Re1 Re8 10. Nbd2 Bf8 11. Nf1 Ne7 12. a4 Bb7 13. Ng3 Ng6 14. h3 c5 15.
Nh2 d5 16. Ng4 Nxg4 17. Qxg4 d4 18. Nf5 Qc7 19. h4 Nf4 20. Bxf4 exf4 21. cxd4
g6 22. Qg5 cxd4 23. Bb3 Re5 24. Rac1 Qb8 25. Qf6 Qe8 26. Rc7 Bd5 27. Bxd5 Rxd5
28. Re7 Rxf5 29. exf5 Bxe7 30. Rxe7 Qf8 31. fxg6 hxg6 32. Rc7 1/2-1/2

[Event "Kieler Open 2018-A"]
[Site "Kiel"]
[Date "2018.07.29"]
[Round "3.14"]
[White "Pedersen, Lars Wilton"]
[Black "Beeck, Mats"]
[Result "0-1"]
[WhiteElo "2053"]
[BlackElo "2120"]
[Annotator "FS"]
[PlyCount "60"]
[EventDate "2018.??.??"]
[WhiteTeam "Fredericia SF"]
[BlackTeam "SK Doppelbauer Kiel"]

1. g3 g6 2. Bg2 Bg7 3. f4 Nf6 4. Nf3 O-O 5. d3 d5 6. O-O c5 7. Nc3 d4 8. Na4
Nbd7 9. c4 Rb8 10. a3 Qc7 11. b4 b6 12. Bd2 Ng4 13. Rb1 Bb7 14. bxc5 bxc5 15.
Qc2 e5 16. Nh4 exf4 17. Rxf4 f5 18. Bxb7 Rxb7 19. Rff1 Rxb1 20. Rxb1 Be5 21.
Ng2 Bxg3 22. hxg3 Qxg3 23. Bf4 Qh3 24. Rf1 g5 25. Qd2 Rf6 26. Rf3 Qh5 27. Bg3
Rh6 28. Bh4 gxh4 29. Rh3 Qg6 30. Qf4 Ne3 0-1

[Event "Kieler Open 2018-A"]
[Site "Kiel"]
[Date "2018.07.29"]
[Round "3.15"]
[White "Bahlo, Jens"]
[Black "Haag, Martin"]
[Result "1/2-1/2"]
[WhiteElo "1973"]
[BlackElo "2229"]
[Annotator "FS"]
[PlyCount "105"]
[EventDate "2018.??.??"]
[WhiteTeam "Gießen"]
[BlackTeam "SC Bonn Beuel"]

1. Nc3 c5 2. Nf3 e6 3. d4 cxd4 4. Nxd4 a6 5. g3 d5 6. Bg2 Nf6 7. O-O Be7 8. f4
O-O 9. Kh1 Qc7 10. Be3 b5 11. Bg1 Nbd7 12. e4 dxe4 13. Nxe4 Bb7 14. Qe2 Nxe4
15. Bxe4 Nf6 16. Bxb7 Qxb7+ 17. Qf3 Qc7 18. Nc6 Rac8 19. Nxe7+ Qxe7 20. c3 b4
21. Bd4 bxc3 22. Bxc3 Nd5 23. Rac1 Nxc3 24. Rxc3 Rxc3 25. Qxc3 Qb7+ 26. Kg1 Rc8
27. Rd1 h5 28. Qd4 h4 29. Qf2 h3 30. Qe2 g6 31. b3 Qb6+ 32. Qf2 Qxf2+ 33. Kxf2
Rc2+ 34. Kf3 Rxh2 35. Kg4 Kg7 36. a4 Kh6 37. Rb1 a5 38. b4 axb4 39. Rxb4 f5+
40. Kh4 e5 41. a5 exf4 42. gxf4 Ra2 43. Kxh3 Kh5 44. Rb6 Rxa5 45. Rc6 Ra3+ 46.
Kg2 Kg4 47. Rxg6+ Kxf4 48. Rb6 Ra2+ 49. Kf1 Kf3 50. Rb3+ Kg4 51. Rb4+ f4 52.
Rb3 f3 53. Rb8 1/2-1/2